00950nab a22001817a 4500003000400000005001700004008004100021040000700062100002100069245007200090300001200162505035900174505007200533650002300605650001400628650002800642773009800670OSt20260107113627.0190514b xxu||||| |||| 00| 0 spa d cPJ aDuprat, Carolina10aAlimentos y cuidado compartido de hijas e hijos /cCarolina Duprat. ap. 6-18 aSumario: I. Introducción.— II. El derecho a la coparentalidad y la responsabilidad alimentaria de ambos progenitores.— III. Variables a tener en cuenta para la cuantificación.— IV. Perspectiva de género en los alimentos para los hijos y las hijas.— V. Valor económico de las tareas de cuidado.— VI. Breves conclusiones a modo de cierre. tSi te interesa el texto, comunicate a koha@justierradelfuego.gov.ar 0aDERECHO DE FAMILIA 0aALIMENTOS 0aPERSPECTIVA DE GÉNERO0 02844dBuenos Aires : AbeledoPerrot, 1989-tDerecho de familia. N° 118 - Marzo 2025z18511201